[Event "FIDE WCC Blitz Women 2019"]
[Site "Moscow"]
[Date "2019.12.30"]
[Round "10.42"]
[White "Lysenko, Margarita"]
[Black "Bykova, Anastasia"]
[Result "0-1"]
[WhiteElo "2188"]
[BlackElo "2107"]
[Annotator "NA"]
[PlyCount "128"]
[EventDate "2019.12.29"]
[EventType "swiss"]
[EventCountry "RUS"]
[SourceTitle "playchess.com"]
[Source "ChessBase"]
[SourceQuality "1"]

1. d4 d5 2. c4 c6 3. Nc3 Nf6 4. e3 g6 5. Nf3 Bg7 6. Bd3 O-O 7. O-O Bg4 8. h3 Bxf3 9. Qxf3 e6 10. Rd1 Nbd7 11. b3 Qe7 12. Bb2 Rad8 13. Bf1 Rfe8 14. c5 e5 15. b4 exd4 16. exd4 Ne4 17. b5 Nxc3 18. Bxc3 Qe4 19. Qg3 Qc2 20. Rd2 Qa4 21. bxc6 bxc6 22. Rb1 Nf6 23. f3 Nh5 24. Qc7 Rc8 25. Qb7 Nf4 26. g3 Nh5 27. Kg2 Qa3 28. Qb3 Qxb3 29. axb3 Re3 30. Rc2 Rce8 31. Ra1 R8e7 32. Ra6 Rc7 33. b4 Bf6 34. b5 cxb5 35. Bxb5 Ng7 36. Rc6 Rxc6 37. Bxc6 Nf5 38. Bxd5 Rd3 39. Kf2 Rxc3 40. Rxc3 Bxd4+ 41. Ke2 Bxc3 42. c6 Ba5 43. g4 Ne7 44. Be4 f5 45. gxf5 gxf5 46. Bd3 Kf7 47. Bc4+ Kf6 48. Bb5 Ke5 49. Kf2 f4 50. Ke2 Kd6 51. Bd3 h6 52. Be4 Nxc6 53. Kd3 Ne5+ 54. Kd4 Bb6+ 55. Kc3 Kc5 56. Ba8 a5 57. Be4 Kb5 58. Kb3 a4+ 59. Kc3 Bc5 60. Bd5 Bb4+ 61. Kd4 Bd6 62. Kc3 a3 63. Kb3 Kc5 64. Ba8 Kd4 0-1

[Event "FIDE WCC Blitz Women 2019"]
[Site "Moscow"]
[Date "2019.12.30"]
[Round "10.43"]
[White "Badelka, Olga"]
[Black "Antova, Gabriela"]
[Result "1/2-1/2"]
[WhiteElo "2186"]
[BlackElo "1965"]
[Annotator "NA"]
[PlyCount "63"]
[EventDate "2019.12.29"]
[EventType "swiss"]
[EventCountry "RUS"]
[SourceTitle "playchess.com"]
[Source "ChessBase"]
[SourceQuality "1"]

1. c4 e5 2. g3 Nf6 3. Bg2 d5 4. cxd5 Nxd5 5. Nf3 Nc6 6. O-O Be7 7. d4 e4 8. Ne5 f5 9. Nxc6 bxc6 10. Nc3 O-O 11. Nxd5 cxd5 12. Bf4 Ba6 13. Rc1 Rc8 14. Re1 c5 15. Qa4 Rf6 16. Bg5 Re6 17. Bxe7 Qxe7 18. dxc5 Rxc5 19. e3 Bd3 20. Rxc5 Qxc5 21. Qd7 Re7 22. Qxf5 Rf7 23. Qe5 Qc2 24. Qe8+ Rf8 25. Qe6+ Kh8 26. f4 exf3 27. Bxf3 Be4 28. Qe7 Kg8 29. Qe6+ Kh8 30. Qe7 Kg8 31. Qe6+ Kh8 32. Qe7 1/2-1/2

[Event "FIDE WCC Blitz Women 2019"]
[Site "Moscow"]
[Date "2019.12.30"]
[Round "10.44"]
[White "Nazarova, Anastasia"]
[Black "Nilssen, Ellen Fredericia"]
[Result "1/2-1/2"]
[WhiteElo "2049"]
[BlackElo "2162"]
[Annotator "NA"]
[PlyCount "160"]
[EventDate "2019.12.29"]
[EventType "swiss"]
[EventCountry "RUS"]
[SourceTitle "playchess.com"]
[Source "ChessBase"]
[SourceQuality "1"]

1. e4 e6 2. d4 d5 3. Nd2 dxe4 4. Nxe4 Bd7 5. Nf3 Bc6 6. Bd3 Nd7 7. O-O Ngf6 8. Ng3 g6 9. c3 Bg7 10. Re1 O-O 11. Bf4 Bxf3 12. Qxf3 c6 13. Rad1 Nd5 14. Bc1 Rc8 15. Bb1 N7b6 16. Ne4 Qc7 17. Qh3 Nf6 18. Ng5 Nbd5 19. Nf3 Nf4 20. Qh4 N4d5 21. Bg5 Nd7 22. a3 Qb6 23. Bc1 N5f6 24. Ne5 Nxe5 25. dxe5 Nd5 26. Rd3 Qc7 27. Bh6 Qe7 28. Qxe7 Nxe7 29. Bxg7 Kxg7 30. Rd7 Nd5 31. Rxb7 Rb8 32. Rxb8 Rxb8 33. c4 Ne7 34. b4 a5 35. Be4 axb4 36. axb4 Rxb4 37. Bd3 Rb3 38. Bf1 Rc3 39. Rd1 h5 40. g3 g5 41. h3 Ng6 42. Re1 h4 43. Kg2 Rc2 44. Bd3 Rc3 45. Bxg6 Kxg6 46. Re4 hxg3 47. fxg3 Kf5 48. Re2 Rxc4 49. Rf2+ Kg6 50. Rf6+ Kg7 51. Rf2 Re4 52. Rc2 Rxe5 53. Rxc6 Re2+ 54. Kf3 Ra2 55. Rc7 Kg6 56. Rc6 Ra3+ 57. Kg2 Kf6 58. Rb6 Rc3 59. Ra6 Kf5 60. Ra5+ e5 61. Ra6 g4 62. hxg4+ Kxg4 63. Ra4+ Kf5 64. Ra7 f6 65. Ra5 Rc4 66. Rb5 Rd4 67. Ra5 Kg4 68. Ra2 f5 69. Re2 e4 70. Rf2 Rd3 71. Rf4+ Kg5 72. Rf1 Rd2+ 73. Kh3 e3 74. Re1 e2 75. Kg2 Kg4 76. Kf2 Ra2 77. Kg2 Rb2 78. Kf2 Ra2 79. Kg2 Kg5 80. Kf3 Rb2 1/2-1/2

[Event "FIDE WCC Blitz Women 2019"]
[Site "Moscow"]
[Date "2019.12.30"]
[Round "10.45"]
[White "Yakimova, Mariya"]
[Black "Strutinskaia, Galina"]
[Result "0-1"]
[WhiteElo "2128"]
[BlackElo "2227"]
[Annotator "NA"]
[PlyCount "114"]
[EventDate "2019.12.29"]
[EventType "swiss"]
[EventCountry "RUS"]
[SourceTitle "playchess.com"]
[Source "ChessBase"]
[SourceQuality "1"]

1. d4 e6 2. c4 f5 3. Nc3 Nf6 4. Nf3 Bb4 5. g3 b6 6. Bg2 Bb7 7. O-O O-O 8. Qc2 Bxc3 9. Qxc3 Ne4 10. Qc2 Nc6 11. Rd1 a5 12. a3 Ne7 13. Nd2 d5 14. Nf3 Rc8 15. c5 bxc5 16. dxc5 c6 17. Bf4 Ng6 18. Ne5 Qe8 19. e3 Nxf4 20. exf4 Ba6 21. Qa4 Qd8 22. Rac1 Bb5 23. Qc2 a4 24. Bxe4 fxe4 25. Qc3 Qe8 26. b3 Ra8 27. b4 Qh5 28. Re1 Rf6 29. Nd7 Rh6 30. h4 Rg6 31. Ne5 Rf6 32. Nd7 Rf5 33. Qd4 h6 34. Rc2 Bd3 35. Rd2 Bb5 36. Qc3 Qg4 37. Ne5 Qh3 38. Ng6 Kh7 39. Ne5 Rxf4 40. Qe3 Rf5 41. Nd7 Rf3 42. Qd4 Rd8 43. Ne5 Rf5 44. Rb2 Rdf8 45. Nxc6 Bxc6 46. b5 Rxf2 47. Rxf2 Qxg3+ 48. Kf1 Bxb5+ 49. Ree2 Rf3 50. Ke1 Bxe2 51. Kxe2 Rxf2+ 52. Qxf2 Qd3+ 53. Ke1 Qc3+ 54. Kf1 e3 55. Qf4 Qxc5 56. Kg2 Qc2+ 57. Kf3 Qf2+ 0-1

[Event "FIDE WCC Blitz Women 2019"]
[Site "Moscow"]
[Date "2019.12.30"]
[Round "10.46"]
[White "Khokhlova, Daria"]
[Black "Belenkaya, Dina"]
[Result "1-0"]
[WhiteElo "2109"]
[BlackElo "2203"]
[Annotator "NA"]
[PlyCount "87"]
[EventDate "2019.12.29"]
[EventType "swiss"]
[EventCountry "RUS"]
[SourceTitle "playchess.com"]
[Source "ChessBase"]
[SourceQuality "1"]

1. e4 d5 2. exd5 Qxd5 3. d4 Nc6 4. Nf3 Bg4 5. Be2 O-O-O 6. Be3 e5 7. c4 Qa5+ 8. Bd2 Bb4 9. d5 Bxf3 10. Bxf3 Nd4 11. Nc3 f5 12. a3 Bxc3 13. Bxc3 Qb6 14. Bxd4 exd4 15. O-O Nf6 16. b4 Ne4 17. Bxe4 fxe4 18. Qg4+ Kb8 19. Qxe4 Rde8 20. Qd3 Re5 21. Rfd1 Rhe8 22. Qxh7 Qf6 23. Qd3 Re2 24. Rf1 Qf4 25. Rad1 R8e4 26. Qg3 Qf6 27. c5 g5 28. Rd3 Rf4 29. f3 Re3 30. Rfd1 Qe5 31. Qf2 Re2 32. Qf1 Re3 33. Rxe3 Qxe3+ 34. Qf2 Qxa3 35. Re1 a5 36. d6 cxd6 37. cxd6 Qxb4 38. Re8+ Ka7 39. d7 Qb1+ 40. Qe1 Qxe1+ 41. Rxe1 Rf8 42. Re8 Rf4 43. d8=Q b6 44. Qa8# 1-0

[Event "FIDE WCC Blitz Women 2019"]
[Site "Moscow"]
[Date "2019.12.30"]
[Round "10.47"]
[White "Enkhtuul, Altan-Ulzii"]
[Black "Komiagina, Maria"]
[Result "1-0"]
[WhiteElo "2149"]
[BlackElo "2106"]
[Annotator "NA"]
[PlyCount "89"]
[EventDate "2019.12.29"]
[EventType "swiss"]
[EventCountry "RUS"]
[SourceTitle "playchess.com"]
[Source "ChessBase"]
[SourceQuality "1"]

1. d4 Nf6 2. Bf4 e6 3. e3 b6 4. Nf3 Bb7 5. Be2 c5 6. c3 Be7 7. h3 O-O 8. O-O d6 9. a4 Nc6 10. Na3 Qd7 11. Nc4 Rfd8 12. Qb3 Rab8 13. Rfd1 Ba6 14. Qc2 Qc7 15. Bf1 h6 16. Bh2 Rbc8 17. dxc5 bxc5 18. Nxd6 Bxd6 19. Bxa6 Bxh2+ 20. Nxh2 Rb8 21. Rxd8+ Rxd8 22. Be2 Nd5 23. Nf3 e5 24. Rd1 Nce7 25. Bc4 Nb6 26. Be2 f6 27. a5 Nbc8 28. b4 c4 29. Bxc4+ Kh8 30. Rxd8+ Qxd8 31. Qd3 Qc7 32. Nd2 Nd6 33. Bb3 f5 34. c4 e4 35. Qc2 a6 36. Nf1 Ng6 37. Ng3 Ne5 38. c5 Nb5 39. Nxf5 Nd3 40. Qc4 Qd8 41. Qxe4 Nc3 42. Qe6 Ne2+ 43. Kh2 Nec1 44. Qf7 Qb8+ 45. g3 1-0

[Event "FIDE WCC Blitz Women 2019"]
[Site "Moscow"]
[Date "2019.12.30"]
[Round "10.48"]
[White "Borisova, Ekaterina"]
[Black "Manakova, Maria"]
[Result "1/2-1/2"]
[WhiteElo "2029"]
[BlackElo "2149"]
[Annotator "NA"]
[PlyCount "142"]
[EventDate "2019.12.29"]
[EventType "swiss"]
[EventCountry "RUS"]
[SourceTitle "playchess.com"]
[Source "ChessBase"]
[SourceQuality "1"]

1. Nf3 e6 2. g3 d5 3. Bg2 c6 4. O-O Bd6 5. d4 f5 6. c4 Nf6 7. Nc3 O-O 8. Qc2 Ne4 9. Rb1 a5 10. a3 Nd7 11. b4 axb4 12. axb4 Ndf6 13. c5 Bc7 14. b5 Nxc3 15. Qxc3 Ba5 16. Qc2 Ne4 17. Ne5 Nc3 18. bxc6 Nxb1 19. cxb7 Bxb7 20. Qxb1 Ba6 21. Qc2 Qc7 22. Bf4 Qc8 23. h4 Bc7 24. Nc6 Qd7 25. Bxc7 Qxc7 26. Ne5 Rfb8 27. h5 Rb4 28. Rd1 Rab8 29. Qd2 Rb2 30. Qg5 Bxe2 31. Ra1 Rb1+ 32. Rxb1 Rxb1+ 33. Kh2 Rb8 34. h6 Rf8 35. c6 Bb5 36. Qc1 Rf6 37. hxg7 Ba6 38. Qa3 Bc8 39. Qa8 Kxg7 40. Bf3 f4 41. g4 Rf8 42. Qa3 Qd8 43. Kg2 h5 44. Qc5 hxg4 45. Bxg4 Qc7 46. Qc2 Rf6 47. Qc5 Rh6 48. f3 Qd8 49. Qa7+ Kg8 50. Nf7 Qf8 51. Nxh6+ Qxh6 52. Qe7 Qg6 53. Qd8+ Kg7 54. Qxc8 Qc2+ 55. Kh3 Qh7+ 56. Kg2 Qc2+ 57. Kh1 Qd1+ 58. Kh2 Qc2+ 59. Kg1 Qd1+ 60. Kf2 Qd2+ 61. Kf1 Qd1+ 62. Kg2 Qc2+ 63. Kh3 Qh7+ 64. Kg2 Qc2+ 65. Kg1 Qd1+ 66. Kg2 Qc2+ 67. Kh1 Qd1+ 68. Kh2 Qc2+ 69. Kg1 Qd1+ 70. Kf2 Qd2+ 71. Kf1 Qd1+ 1/2-1/2

[Event "FIDE WCC Blitz Women 2019"]
[Site "Moscow"]
[Date "2019.12.30"]
[Round "10.49"]
[White "Ovezdurdiyeva, Jemal"]
[Black "Shumilina, Alexandra"]
[Result "0-1"]
[WhiteElo "1877"]
[BlackElo "2139"]
[Annotator "NA"]
[PlyCount "69"]
[EventDate "2019.12.29"]
[EventType "swiss"]
[EventCountry "RUS"]
[SourceTitle "playchess.com"]
[Source "ChessBase"]
[SourceQuality "1"]

1. d4 d5 2. c4 c6 3. Nf3 Nf6 4. e3 a6 5. Bd3 b5 6. b3 Bg4 7. Nbd2 e6 8. Qc2 Nbd7 9. Bb2 Be7 10. O-O Bh5 11. Ne5 Nxe5 12. dxe5 Nd7 13. e4 dxc4 14. Bxc4 bxc4 15. Qxc4 c5 16. h3 Nb6 17. Qc2 Be2 18. Rfe1 Qd3 19. Qxd3 Bxd3 20. Re3 Bb5 21. a4 Bc6 22. a5 Nd7 23. Nc4 O-O 24. f4 Rab8 25. f5 Bg5 26. Re2 Rxb3 27. Rd1 Bb5 28. Rc2 Bf4 29. Nd6 Bxe5 30. Nxb5 Rxb5 31. Ba3 Nf6 32. Rxc5 Rxc5 33. Bxc5 Rc8 34. Bb6 h5 35. Re1 0-1

[Event "FIDE WCC Blitz Women 2019"]
[Site "Moscow"]
[Date "2019.12.30"]
[Round "10.51"]
[White "Bogumil, Tatiana"]
[Black "Tomilova, Elena"]
[Result "0-1"]
[WhiteElo "1996"]
[BlackElo "2219"]
[Annotator "NA"]
[PlyCount "80"]
[EventDate "2019.12.29"]
[EventType "swiss"]
[EventCountry "RUS"]
[SourceTitle "playchess.com"]
[Source "ChessBase"]
[SourceQuality "1"]

1. Nf3 d5 2. g3 c6 3. Bg2 Nf6 4. b3 Bg4 5. Ne5 Bh5 6. Bb2 Nbd7 7. Nf3 e6 8. O-O Bd6 9. d3 O-O 10. c4 a5 11. Nbd2 a4 12. e4 dxe4 13. dxe4 Qa5 14. Qc2 Ne5 15. Bc3 Qc7 16. c5 Nxf3+ 17. Nxf3 Be7 18. b4 a3 19. Rad1 b6 20. Be5 Qb7 21. h3 Bg6 22. Nh4 bxc5 23. Nxg6 hxg6 24. bxc5 Rfd8 25. Bd6 Rd7 26. e5 Nd5 27. Bxd5 exd5 28. Rb1 Qa7 29. Kh2 Re8 30. Rb6 Qa8 31. Qb3 Bxd6 32. exd6 Rdd8 33. Rb1 Qc8 34. Qxa3 Qf5 35. Qb2 Re4 36. Rb8 Ree8 37. Rxd8 Rxd8 38. Re1 Qf3 39. Qd2 Qa3 40. Re7 Qxc5 0-1

[Event "FIDE WCC Blitz Women 2019"]
[Site "Moscow"]
[Date "2019.12.30"]
[Round "10.52"]
[White "Atalik, Ekaterina"]
[Black "Sgircea, Silvia-Raluca"]
[Result "1-0"]
[WhiteElo "2211"]
[BlackElo "2154"]
[Annotator "NA"]
[PlyCount "65"]
[EventDate "2019.12.29"]
[EventType "swiss"]
[EventCountry "RUS"]
[SourceTitle "playchess.com"]
[Source "ChessBase"]
[SourceQuality "1"]

1. Nf3 c5 2. g3 Nc6 3. Bg2 g6 4. d4 cxd4 5. Nxd4 Bg7 6. Nb3 Nf6 7. O-O O-O 8. Nc3 d6 9. h3 Be6 10. Be3 Qc7 11. Nd4 Nxd4 12. Bxd4 Rac8 13. Qd2 Nd7 14. Bxg7 Kxg7 15. Qd4+ Kg8 16. Qxa7 Ne5 17. Qxb7 Qxb7 18. Bxb7 Rb8 19. Be4 Rxb2 20. Rfb1 Rxb1+ 21. Rxb1 Rc8 22. Nd5 Kf8 23. a4 f5 24. Bg2 Rxc2 25. Ra1 Rc5 26. Nf4 Bc4 27. a5 g5 28. a6 Nd7 29. a7 Nb6 30. Nd3 Bxd3 31. exd3 Rc3 32. Ra6 Rc1+ 33. Kh2 1-0

[Event "FIDE WCC Blitz Women 2019"]
[Site "Moscow"]
[Date "2019.12.30"]
[Round "10.53"]
[White "Paramzina, Anastasya"]
[Black "Song, Yuxin"]
[Result "0-1"]
[WhiteElo "2203"]
[BlackElo "2128"]
[Annotator "NA"]
[PlyCount "68"]
[EventDate "2019.12.29"]
[EventType "swiss"]
[EventCountry "RUS"]
[SourceTitle "playchess.com"]
[Source "ChessBase"]
[SourceQuality "1"]

1. e4 c5 2. Nf3 d6 3. d4 cxd4 4. Nxd4 e5 5. Nf5 Bxf5 6. exf5 Qd7 7. Nc3 Qxf5 8. Bd3 Qd7 9. Qf3 Nc6 10. Be3 Nge7 11. g4 d5 12. Bc5 e4 13. Bxe4 dxe4 14. Nxe4 Ne5 15. Qg3 N7c6 16. Rd1 Qe6 17. Nd6+ Bxd6 18. Rxd6 Nf3+ 19. Kf1 Qc4+ 20. Kg2 Qxc5 21. Kxf3 Ne5+ 22. Kg2 Qxd6 23. Re1 O-O 24. Rxe5 Qc6+ 25. f3 Qxc2+ 26. Kh3 Qxb2 27. Rh5 g6 28. Rh6 Qg7 29. g5 Rae8 30. Qc7 f6 31. Qc4+ Kh8 32. Kg3 fxg5 33. Rh3 Qe5+ 34. Kg2 Qe2+ 0-1

[Event "FIDE WCC Blitz Women 2019"]
[Site "Moscow"]
[Date "2019.12.30"]
[Round "10.54"]
[White "Muetsch, Annmarie"]
[Black "Novikova, Anna"]
[Result "1-0"]
[WhiteElo "2202"]
[BlackElo "2045"]
[Annotator "NA"]
[PlyCount "129"]
[EventDate "2019.12.29"]
[EventType "swiss"]
[EventCountry "RUS"]
[SourceTitle "playchess.com"]
[Source "ChessBase"]
[SourceQuality "1"]

1. e4 c5 2. Nf3 e6 3. d4 cxd4 4. Nxd4 Nf6 5. Nc3 Nc6 6. Ndb5 d6 7. Bf4 e5 8. Bg5 a6 9. Na3 b5 10. Nd5 Be7 11. Bxf6 Bxf6 12. c3 O-O 13. Nc2 Bg5 14. a4 bxa4 15. Rxa4 a5 16. Bc4 Rb8 17. b3 Kh8 18. Nce3 g6 19. Qf3 f5 20. exf5 gxf5 21. h4 e4 22. Qh5 Bxe3 23. Nxe3 Ne5 24. O-O f4 25. Nd5 Bd7 26. Ra3 Bg4 27. Qg5 Qxg5 28. hxg5 Be6 29. Re1 Nxc4 30. bxc4 Bxd5 31. cxd5 Rfe8 32. Rxa5 e3 33. fxe3 fxe3 34. c4 Rb4 35. c5 dxc5 36. Rxc5 Rd4 37. Re2 Rd1+ 38. Kh2 Rd2 39. Re1 e2 40. Rcc1 Rxd5 41. Rc2 Rde5 42. Kg1 Kg7 43. Kf2 Rf5+ 44. Kg1 Rfe5 45. Kf2 Rf8+ 46. Kg1 Rxg5 47. Rcxe2 Rf7 48. Re7 Rxe7 49. Rxe7+ Kg6 50. Kf2 Rf5+ 51. Kg3 Ra5 52. Rb7 h5 53. Kh3 Kg5 54. Rg7+ Kh6 55. Rg8 Ra4 56. g3 Kh7 57. Rg5 Kh6 58. Rg8 Ra1 59. Rb8 Ra5 60. Rg8 Ra1 61. Rb8 Rh1+ 62. Kg2 Rd1 63. Kh3 Kg5 64. Rb5+ Kg6 65. Rb6+ 1-0

[Event "FIDE WCC Blitz Women 2019"]
[Site "Moscow"]
[Date "2019.12.30"]
[Round "10.55"]
[White "Karavaeva, Olga"]
[Black "Fatianova, Tatiana"]
[Result "1-0"]
[WhiteElo "2174"]
[BlackElo "2029"]
[Annotator "NA"]
[PlyCount "66"]
[EventDate "2019.12.29"]
[EventType "swiss"]
[EventCountry "RUS"]
[SourceTitle "playchess.com"]
[Source "ChessBase"]
[SourceQuality "1"]

1. c4 Nc6 2. Nc3 e5 3. g3 f5 4. Bg2 Nf6 5. e3 Bc5 6. Nge2 a6 7. O-O Ba7 8. b3 O-O 9. Bb2 d6 10. d4 Qe8 11. Rc1 Kh8 12. Nd5 Qf7 13. dxe5 Nxe5 14. Nd4 Nxd5 15. cxd5 a5 16. a4 Bc5 17. h3 b6 18. Ne6 Ba6 19. Bxe5 dxe5 20. Re1 e4 21. Nxc5 bxc5 22. Rxc5 Bd3 23. Qa1 Rab8 24. Qc3 Rb7 25. Bf1 Bxf1 26. Kxf1 Rfb8 27. Rb1 Qh5 28. h4 Qf3 29. Kg1 f4 30. exf4 Qg4 31. Rxc7 Rb4 32. d6 h6 33. d7 Rd8 1-0

[Event "FIDE WCC Blitz Women 2019"]
[Site "Moscow"]
[Date "2019.12.30"]
[Round "10.56"]
[White "Gvanceladze, Anna"]
[Black "Shafigullina, Zarina"]
[Result "1-0"]
[WhiteElo "2066"]
[BlackElo "2052"]
[Annotator "NA"]
[PlyCount "109"]
[EventDate "2019.12.29"]
[EventType "swiss"]
[EventCountry "RUS"]
[SourceTitle "playchess.com"]
[Source "ChessBase"]
[SourceQuality "1"]

1. Nf3 Nf6 2. c4 c5 3. g3 b6 4. Bg2 Bb7 5. O-O e6 6. Nc3 Be7 7. Re1 d5 8. cxd5 Nxd5 9. e4 Nb4 10. d4 cxd4 11. Nxd4 e5 12. Nf5 O-O 13. Qg4 g6 14. Rd1 Qe8 15. Bh6 N8c6 16. Nxe7+ Nxe7 17. Bxf8 Qxf8 18. a3 Nc2 19. Rac1 Nd4 20. h4 Kh8 21. Qd7 Bc6 22. Qd6 f6 23. Kh2 Rd8 24. Qb4 f5 25. Nd5 Bxd5 26. exd5 f4 27. Rc7 Nef5 28. Qxf8+ Rxf8 29. gxf4 exf4 30. Be4 Rd8 31. Bxf5 Nxf5 32. Rxa7 Nxh4 33. d6 Nf3+ 34. Kg2 Ne5 35. d7 Kg7 36. Rc7 Kf7 37. Rc8 Rxd7 38. Rxd7+ Nxd7 39. Rc7 Ke6 40. a4 g5 41. b4 h5 42. a5 bxa5 43. bxa5 Kd6 44. Rc8 g4 45. a6 Nb6 46. a7 h4 47. a8=Q Nxa8 48. Rxa8 f3+ 49. Kh2 Ke5 50. Rh8 g3+ 51. fxg3 h3 52. Kxh3 Ke4 53. Re8+ Kd3 54. g4 f2 55. Kg2 1-0

[Event "FIDE WCC Blitz Women 2019"]
[Site "Moscow"]
[Date "2019.12.30"]
[Round "10.57"]
[White "Geller, Anastasiya"]
[Black "Agrest, Inna"]
[Result "1-0"]
[WhiteElo "2073"]
[BlackElo "2180"]
[Annotator "NA"]
[PlyCount "76"]
[EventDate "2019.12.29"]
[EventType "swiss"]
[EventCountry "RUS"]
[SourceTitle "playchess.com"]
[Source "ChessBase"]
[SourceQuality "1"]

1. e4 e5 2. Nf3 Nc6 3. d4 exd4 4. Nxd4 Nf6 5. Nc3 Bb4 6. Nxc6 bxc6 7. Qd4 Qe7 8. f3 d5 9. Bg5 c5 10. Bb5+ Bd7 11. Bxd7+ Qxd7 12. Qe5+ Qe6 13. Bxf6 gxf6 14. Qxd5 Qxd5 15. exd5 Bxc3+ 16. bxc3 O-O-O 17. c4 Rhe8+ 18. Kf2 c6 19. Rad1 Kc7 20. Rd2 Re5 21. Rhd1 Rde8 22. d6+ Kd7 23. Rb1 Rd8 24. Rb7+ Ke6 25. Rxa7 Rxd6 26. Rxd6+ Kxd6 27. Rxf7 Rh5 28. Rxf6+ Ke5 29. Rxc6 Kd4 30. h3 Kxc4 31. f4 Rd5 32. g4 Rd2+ 33. Ke3 Rxc2 34. f5 Rxa2 35. f6 Ra3+ 36. Kf4 Rxh3 37. f7 Rh1 38. Rf6 Kd5 1-0

[Event "FIDE WCC Blitz Women 2019"]
[Site "Moscow"]
[Date "2019.12.30"]
[Round "10.58"]
[White "Zhuravleva, Olga"]
[Black "Afonasieva, Anna"]
[Result "1-0"]
[WhiteElo "2127"]
[BlackElo "2099"]
[Annotator "NA"]
[PlyCount "198"]
[EventDate "2019.12.29"]
[EventType "swiss"]
[EventCountry "RUS"]
[SourceTitle "playchess.com"]
[Source "ChessBase"]
[SourceQuality "1"]

1. e4 c6 2. Nc3 d5 3. Nf3 Bg4 4. h3 Bxf3 5. Qxf3 Nf6 6. d3 e6 7. a3 d4 8. Nb1 c5 9. g3 Nc6 10. Bg2 e5 11. O-O Be7 12. Qe2 O-O 13. Nd2 Ne8 14. f4 Nd6 15. Nf3 f6 16. Kh1 Rc8 17. Bd2 b5 18. Nh4 c4 19. Rf2 cxd3 20. cxd3 Na5 21. Qd1 Nab7 22. Bf3 Rc6 23. Rc1 Qc7 24. Rxc6 Qxc6 25. Kh2 Rc8 26. Bg4 Rc7 27. Bb4 exf4 28. gxf4 a5 29. Be1 Qc1 30. Qe2 Nc5 31. Bxa5 Rc6 32. Bb4 Ndb7 33. Rf1 Qe3 34. Qxe3 dxe3 35. Be2 Bd6 36. Ng2 Na4 37. Bxd6 Nxd6 38. b3 Nc3 39. Bf3 e2 40. Re1 b4 41. axb4 Ndb5 42. Bxe2 Nd4 43. Bg4 Nxb3 44. Ne3 Nd4 45. Nc4 Nc2 46. Rc1 Nxb4 47. Rxc3 Ra6 48. Ra3 Rc6 49. Bf3 Rc8 50. e5 fxe5 51. fxe5 Nc2 52. Ra7 Nd4 53. Bd5+ Kf8 54. Rf7+ Ke8 55. Rxg7 Rc5 56. Nd6+ Kf8 57. Rf7+ Kg8 58. Be6 Nxe6 59. Rf5 Nd4 60. Rg5+ Kf8 61. Ne4 Rc2+ 62. Kg3 Rc1 63. Rh5 Rg1+ 64. Kf2 Rg7 65. Ke3 Ne6 66. Nf6 Rg3+ 67. Ke4 Nc5+ 68. Kf4 Rxd3 69. Nxh7+ Kg7 70. Nf6 Rd4+ 71. Kf5 Rd1 72. Rh7+ Kf8 73. Rh8+ Kg7 74. Rg8+ Kf7 75. Rg4 Ne6 76. h4 Rf1+ 77. Ke4 Re1+ 78. Kd5 Rd1+ 79. Ke4 Re1+ 80. Kf5 Ng7+ 81. Kf4 Ne6+ 82. Kf5 Ng7+ 83. Kf4 Ne6+ 84. Kf3 Rxe5 85. Ne4 Rf5+ 86. Kg3 Ra5 87. Nd6+ Ke7 88. Ne4 Ra3+ 89. Kg2 Kf7 90. Rg3 Nf4+ 91. Kh2 Ra2+ 92. Kh1 Ke6 93. Ng5+ Kf5 94. Rf3 Kg4 95. Rf1 Nh5 96. Rg1+ Ng3+ 97. Rxg3+ Kxg3 98. Ne4+ Kxh4 99. Kg1 Kg4 1-0

[Event "FIDE WCC Blitz Women 2019"]
[Site "Moscow"]
[Date "2019.12.30"]
[Round "10.59"]
[White "Barchuk, Irina"]
[Black "Lelekova, Olga"]
[Result "1-0"]
[WhiteElo "2047"]
[BlackElo "2176"]
[Annotator "NA"]
[PlyCount "115"]
[EventDate "2019.12.29"]
[EventType "swiss"]
[EventCountry "RUS"]
[SourceTitle "playchess.com"]
[Source "ChessBase"]
[SourceQuality "1"]

1. e4 c5 2. Nf3 Nc6 3. d4 cxd4 4. Nxd4 Qb6 5. Nb3 Nf6 6. Nc3 e6 7. Be3 Qc7 8. Qd2 a6 9. O-O-O Bb4 10. f3 O-O 11. a3 Bxc3 12. Qxc3 d5 13. Bg5 dxe4 14. Bxf6 Qf4+ 15. Kb1 Qxf6 16. fxe4 Qxc3 17. bxc3 e5 18. Bc4 Bg4 19. Rd2 Rac8 20. h3 Bh5 21. Bd5 Bg6 22. Nc5 Na5 23. Nd7 Rfe8 24. Nb6 Rxc3 25. Kb2 Rc7 26. c4 h5 27. Rc1 Nc6 28. Kc3 Nd4 29. Rb2 Ree7 30. Kd2 Ne6 31. Ke3 Nd8 32. Na4 Nc6 33. Nc3 Kh7 34. Rcb1 Nd8 35. Na4 f5 36. Nc3 fxe4 37. Nxe4 Nc6 38. Rc1 Nd4 39. Nd6 b5 40. Rb4 a5 41. Rb2 bxc4 42. Nxc4 Red7 43. Be4 Bxe4 44. Kxe4 Rc5 45. Nxe5 Rxc1 46. Nxd7 Ne6 47. Ne5 Rc3 48. a4 Ra3 49. Rb6 Rxa4+ 50. Kf5 Nd4+ 51. Kg5 Ra2 52. g3 Ra3 53. Kxh5 Rxg3 54. h4 a4 55. Ng4 Nf5 56. Rb7 a3 57. Nf6+ Kh8 58. Rb8# 1-0

[Event "FIDE WCC Blitz Women 2019"]
[Site "Moscow"]
[Date "2019.12.30"]
[Round "10.60"]
[White "Nur-Mukhametova, Alisa"]
[Black "Munkhzul, Davaakhuu"]
[Result "0-1"]
[WhiteElo "1832"]
[BlackElo "1973"]
[Annotator "NA"]
[PlyCount "112"]
[EventDate "2019.12.29"]
[EventType "swiss"]
[EventCountry "RUS"]
[SourceTitle "playchess.com"]
[Source "ChessBase"]
[SourceQuality "1"]

1. e4 e5 2. Nf3 Nc6 3. Bb5 a6 4. Ba4 Nf6 5. O-O Be7 6. Re1 b5 7. Bb3 d6 8. c3 O-O 9. h3 Nb8 10. d4 Nbd7 11. Nbd2 Bb7 12. Bc2 Re8 13. Nf1 Bf8 14. Ng3 g6 15. a4 c5 16. d5 c4 17. Be3 Nc5 18. Qd2 Bg7 19. Nh2 Qd7 20. Bxc5 dxc5 21. Qe3 Rec8 22. Nf3 Qd6 23. Nf1 Ne8 24. Red1 Qe7 25. N1h2 h5 26. h4 b4 27. Re1 Nd6 28. Bd1 a5 29. Qg5 Qxg5 30. Nxg5 Ba6 31. g4 hxg4 32. Bxg4 Rcb8 33. Rab1 bxc3 34. bxc3 Rb3 35. Be2 Rxc3 36. Rec1 Rxc1+ 37. Rxc1 Rb8 38. Ng4 Rb2 39. Bf1 Ra2 40. Rb1 Bb7 41. Rb6 Bf8 42. Nxe5 Rxa4 43. Nd7 Be7 44. e5 c3 45. exd6 Bxd6 46. Rb1 c2 47. Rc1 Rg4+ 48. Bg2 Bxd5 49. f3 Rc4 50. Ne4 Bf4 51. Ndf6+ Kg7 52. Nxd5 Bxc1 53. Ndc3 Bb2 54. Ne2 c1=Q+ 55. Nxc1 Rxc1+ 56. Kh2 a4 0-1

[Event "FIDE WCC Blitz Women 2019"]
[Site "Moscow"]
[Date "2019.12.30"]
[Round "10.61"]
[White "Guindy, Esmat Susanne"]
[Black "Antonova, Nadezhda"]
[Result "0-1"]
[WhiteElo "2120"]
[BlackElo "1914"]
[Annotator "NA"]
[PlyCount "56"]
[EventDate "2019.12.29"]
[EventType "swiss"]
[EventCountry "RUS"]
[SourceTitle "playchess.com"]
[Source "ChessBase"]
[SourceQuality "1"]

1. c4 e5 2. g3 d6 3. Bg2 Be7 4. Nc3 c6 5. Nf3 f5 6. d3 Nf6 7. O-O O-O 8. b3 Qe8 9. Bb2 f4 10. d4 e4 11. Ne1 d5 12. cxd5 cxd5 13. gxf4 Nc6 14. e3 Bg4 15. f3 Bf5 16. fxe4 dxe4 17. h3 Rd8 18. a3 Qg6 19. Kh2 Qh6 20. Qe2 Bg4 21. Qf2 Bxh3 22. Qg3 Bxg2+ 23. Kxg2 Nh5 24. Qg4 Rf6 25. f5 Qxe3 26. Nxe4 Rh6 27. Rf3 Qe2+ 28. Rf2 Qxg4+ 0-1